Normal view
MARC view
- ابو النور ،عبدالوهاب عبد السلام
Entry Personal Name
001 - CONTROL NUMBER
- control field: 7997
003 - CONTROL NUMBER IDENTIFIER
- control field: JO-AjAnu
005 - DATE AND TIME OF LATEST TRANSACTION
- control field: 20230606071606.0
008 - FIXED-LENGTH DATA ELEMENTS
- fixed length control field: 230606|| aca||aabn | a|a d
040 ## - CATALOGING SOURCE
- Original cataloging agency: JO-AjAnu
- Transcribing agency: JO-AjAnu
100 ## - HEADING--PERSONAL NAME
- Personal name: ابو النور ،عبدالوهاب عبد السلام
670 ## - SOURCE DATA FOUND
- Source citation: Work cat.: (JO-AjAnu)4130: ابو النور ،عبدالوهاب عبد السلام , author, الخطة العربية للتصنيف بين مؤتمرين الرياض-بغداد